000 00387nam a2200145 i 4500
001 98468
003 ES-MaACL
005 20230906182306.0
007 t|
008 050913q19001999sp ||||1| spa d
245 0 4 _aLas Pequeñeces del Padre Coloma /
_cpor X...
260 _aMadrid :
_b[s.n.,
_c19-?] (
_fRomero, impresor)
300 _a64 p. ;
_c18 cm.
852 _aES-MaACL
_jFol-Laf-483
999 _c98468
_d98468